书目信息 |
| 题名: |
水暖工程预决算快学快用
|
|
| 作者: | 本书组编编写 | |
| 分册: | ||
| 出版信息: | 北京 中国建材工业出版社 2010.01 |
|
| 页数: | 514页 | |
| 开本: | 21cm | |
| 丛书名: | 工程预决算快学快用系列 | |
| 单 册: | ||
| 中图分类: | TU723.3-62 | |
| 科图分类: | ||
| 主题词: | 采暖设备--cai nuan she bei--建筑经济定额--技术手册 , 给排水系统--gei pai shui xi tong--建筑经济定额--技术手册 | |
| 电子资源: | ||
| ISBN: | 978-7-80227-662-8 | |
| 000 | 01102nam 2200265 450 | |
| 001 | 012010176480 | |
| 005 | 20100624190103.15 | |
| 010 | @a978-7-80227-662-8@dCNY33.00 | |
| 100 | @a20100624d2010 em y0chiy0120 ea | |
| 101 | 0 | @achi |
| 102 | @aCN@b110000 | |
| 105 | @aak a 000yy | |
| 106 | @ar | |
| 200 | 1 | @a水暖工程预决算快学快用@Ashui nuan gong cheng yu jue suan kuai xue kuai yong@f本书组编编写@Fben shu bian xie zu bian |
| 210 | @a北京@c中国建材工业出版社@d2010.01 | |
| 215 | @a514页@c图@d21cm | |
| 225 | 2 | @a工程预决算快学快用系列@Agong cheng yu jue suan kuai xue kuai yong xi lie |
| 320 | @a有书目 | |
| 330 | @a全书主要内容包括:水暖工程系统组成及构造、水暖工程施工图识读、工程定额计价、水暖工程工程量清单计价、水暖工程清单项目设置及工程量计算、水暖工程工程量清单计价编制实例、工程项目招标与投标等。 | |
| 410 | 0 | @12001 @a工程预决算快学快用系列 |
| 606 | 0 | @a采暖设备@Acai nuan she bei@x建筑经济定额@j技术手册 |
| 606 | 0 | @a给排水系统@Agei pai shui xi tong@x建筑经济定额@j技术手册 |
| 690 | @aTU723.3-62@v4 | |
| 801 | 0 | @aCN@bQSSK@c20100624 |
| 905 | @b783967-71@dTU723.3-62@eS683@f5 | |
| 水暖工程预决算快学快用/本书组编编写.-北京:中国建材工业出版社,2010.01 |
| 514页:图;21cm.-(工程预决算快学快用系列) |
| ISBN 978-7-80227-662-8:CNY33.00 |
| 全书主要内容包括:水暖工程系统组成及构造、水暖工程施工图识读、工程定额计价、水暖工程工程量清单计价、水暖工程清单项目设置及工程量计算、水暖工程工程量清单计价编制实例、工程项目招标与投标等。 |
| ● |
| 相关链接 |
|
|
|
正题名:水暖工程预决算快学快用
索取号:TU723.3-62/S683
 
预约/预借
| 序号 | 登录号 | 条形码 | 馆藏地/架位号 | 状态 | 备注 |
| 1 | 783967 | 207839678 | 土木与交通工程学院资料室/土木与交通学院资料室 1排1列1层/ [索取号:TU723.3-62/S683] | 在馆 | |
| 2 | 783968 | 207839687 | 建筑库201/201建筑库 105排8列4层/ [索取号:TU723.3-62/S683] | 在馆 | |
| 3 | 783969 | 207839696 | 土木与交通工程学院资料室/土木与交通学院资料室 1排1列1层/ [索取号:TU723.3-62/S683] | 在馆 | |
| 4 | 783970 | 207839703 | 建筑库201/201建筑库 105排8列4层/ [索取号:TU723.3-62/S683] | 在馆 | |
| 5 | 783971 | 207839712 | 建筑库201/201建筑库 105排8列4层/ [索取号:TU723.3-62/S683] | 在馆 |